Vigas y otros elementos de aluminio como sustitutos para el encofrado de losas
में बचाया:
| मुख्य लेखक: | |
|---|---|
| स्वरूप: | पुस्तक |
| प्रकाशित: |
San José, Costa Rica
1994
|
| विषय: | |
| टैग: |
टैग जोड़ें
कोई टैग नहीं, इस रिकॉर्ड को टैग करने वाले पहले व्यक्ति बनें!
|
MARC
| LEADER | 00000nam a2200000Ia 4500 | ||
|---|---|---|---|
| 003 | 007008 | ||
| 005 | 20221231144315.0 | ||
| 008 | 140114s1994 cr a m 000 ||s d | ||
| 040 | |c cru CEDI | ||
| 090 | |a TFG 2780 | ||
| 100 | |a Berman Gutowski, Max |9 12051 | ||
| 245 | |a Vigas y otros elementos de aluminio como sustitutos para el encofrado de losas | ||
| 260 | |c 1994 |a San José, Costa Rica | ||
| 300 | |a x, 109 hojas ; 28 cm. | ||
| 500 | |a Proyecto de graduacion (licenciatura en ingenieria civil)--Universidad de Costa Rica, Facultad de Ingeniería. Escuela de Ingenieria Civil | ||
| 650 | |x VIGAS DE ALUMINIO |x CONSTRUCCIONES DE ALUMINIO |9 12052 | ||
| 942 | |c TFG |2 ddc | ||
| 999 | |c 19919 |d 19919 | ||
